000 00780cam a2200253u 4500
999 _c25349
_d25349
001 7933137
003 BDDh-ASL
005 20231015030459.0
008 821020s19791951ii 000 0 eng
010 _a 56030351
040 _aDLC
_cCarP
_dDLC
_dBDDh-ASL
043 _aa-ii---
050 0 0 _aDS425
_b.D3 1951
082 _a954
_bDAI
100 1 _aDange, Shripad Amrit,
_d1899-1991.
245 1 0 _aIndia from primitive communism to slavery :
_ba Marxist study of ancient history in outline.
250 _a[2d rev. ed.]
260 _aBombay :
_bPeople's Pub. House
_c[1951]
_c1979.
300 _a188 p.
_c21 cm.
651 0 _aIndia
_xHistory
_yTo 324 B.C.
651 0 _aIndia
_xSocial conditions.
906 _a0
_bcbc
_cpremunv
_du
_encip
_f19
_gy-gencatlg
942 _2ddc
_cBK